Čo s bohatou úrodou rajčiakov?

Podrobná bibliografia
Hlavní autori: Viteková, Alžbeta (Autor), Braunová, Eva (Autor)
Médium: Článok
Jazyk:slovenčina
Fyzický popis:Fotogr.
ISSN:0862-5565
Predmet:

MARC

LEADER 00000nab a2200000 ar4500
001 vtls008879905
003 SK-MaSNL
005 20260303061251.0
008 061122c2006 xo |||||||||||000 b|slo
015 |a SNBRB2006/11  |2 snkbucl 
038 |a SNKBUCL 
040 |a SNKBUCL  |b slo  |c SNKBUCL  |e AACR2 
041 0 |a slo 
044 |a xo  |c SK 
080 |a 635.64:631.56  |2 1997 
080 |a 631.56  |2 1997 
100 1 |a Viteková, Alžbeta  |4 aut  |9 689507 
245 1 0 |a Čo s bohatou úrodou rajčiakov?  |c Alžbeta Viteková, Eva Braunová 
300 |b Fotogr. 
650 0 7 |a rajčiny  |2 snkbucl  |9 919 
650 0 7 |a spracovanie poľnohospodárskych produktov  |2 snkbucl  |9 68591 
700 1 |a Braunová, Eva  |4 aut  |9 266447 
773 0 |t Záhradkár  |g Roč. XLII, č. 8 (2006), s. 34-35  |x 0862-5565 
852 |a SNK  |b KIS3GCP 
999 |c 1734964  |d 1736894